Slovo o Slovensku

Bibliographic Details
Main Author: Winkler, Tomáš, 1940-2021 (Author)
Format: Article
Language:Slovak
PhysicalDescription:Fotogr.
ISSN:1335-180X
Subjects:

MARC

LEADER 00000nab a2200000 a 4500
001 vtls000666186
003 SK-MaSNL
005 20260304091735.0
008 250425c1998 xo 0 slo
015 |a SNBRA1998/07-18688 
035 |a CLN000018371 
035 |a urn:nbn:sk:snk-ab7eas 
035 |a (uuid)8dd8fb75-1496-438c-ae4c-645f50a7b798 
035 |a (urnnbn)urn:nbn:sk:snk:ar-a07wse 
035 |a (sysno)vtls000666186 
040 |a SNKBUCL  |b slo  |c SNKBUCL  |e AACR2 
041 0 |a slo 
044 |a xo  |c SK 
080 |a 07(081)(048)  |2 1997 
100 1 |a Winkler, Tomáš,  |d 1940-2021  |4 aut  |9 12277 
245 1 0 |a Slovo o Slovensku  |c Tomáš Winkler 
300 |b Fotogr. 
600 1 7 |a Machala, Drahoslav,  |d 1947-2015  |2 snkbucl  |9 159247 
655 7 |a publicistika  |2 snkbucl  |9 332955 
655 7 |a články z novín a časopisov  |2 snkbucl  |9 267496 
655 7 |a výbery  |2 snkbucl  |9 67620 
655 7 |a recenzie  |2 snkbucl  |9 21907 
773 0 |t Literika  |g Roč. 3, č. 2 (1998), s. 134-135  |x 1335-180X 
787 0 8 |i Rec.:  |a Machala, Drahoslav, 1947-  |t Osamelý vlk  |d Bratislava : PERFEKT, 1997  |z 8080460795 
850 |a Slovenská národná knižnica 
852 |a Slovenská národná knižnica 
954 |a odborná, vedecká literatúra pôvodná (slovenská)  |2 lita 
958 |a article27 
958 |a LX 
958 |a SK 
958 |a OND 
958 |a EUIPO 
999 |c 2816663  |d 2818593